000
00329nam a2200145Ia 4500
003
OSt
005
20240322143149.0
008
170523s9999 xx 000 0 und d
020
_a
978-0131862142
040
_c
IIMT UNIVERSITY
100
_a
NARSINHAN
245
0
_a
PRODUCT PLANNING & INVENTORY
260
_b
PHI
942
_2
ddc
_c
02
999
_c
1856
_d
1856